Southville International School and Colleges
Your cart is empty.
  • Cart
  • Lists
    Public lists Eva Luna New books Lux_list list_1
    Your lists Log in to create your own lists
  • Log in to your account
  • Your cookies
  • Search history
Southville International School and Colleges
  • Advanced search
  • Recent comments
  • Most popular
  • Libraries

Log in to your account

Log in with GOOGLE


If you do not have an external account, but do have a local account, you can still log in:

  1. Home
  2. MARC view: Judy Moody and the not bummer summer
Normal view MARC view ISBD view

Judy Moody and the not bummer summer (Record no. 366690)

[ view plain ]
MARC details
000 -LEADER
fixed length control field 00363nam a22001337a 4500
003 - CONTROL NUMBER IDENTIFIER
control field 1
005 - DATE AND TIME OF LATEST TRANSACTION
control field 20241112143134.0
008 - FIXED-LENGTH DATA ELEMENTS--GENERAL INFORMATION
fixed length control field 241112b xxu||||| |||| 00| 0 eng d
100 ## - MAIN ENTRY--PERSONAL NAME
Personal name McDonald, Megan
245 ## - TITLE STATEMENT
Title Judy Moody and the not bummer summer
Statement of responsibility, etc Megan MscDonald/
260 ## - PUBLICATION, DISTRIBUTION, ETC. (IMPRINT)
Place of publication, distribution, etc New York:
Name of publisher, distributor, etc Scholastic, Inc.
Date of publication, distribution, etc 2011
300 ## - PHYSICAL DESCRIPTION
Extent 190 p.;
Dimensions 190 cm.
942 ## - ADDED ENTRY ELEMENTS (KOHA)
Source of classification or shelving scheme Dewey Decimal Classification
Koha item type Books

No items available.

Judy Moody and the not bummer summer

APA

McDonald M., . (2011). Judy Moody and the not bummer summer. New York: Scholastic, Inc.

Chicago

McDonald Megan, . 2011. Judy Moody and the not bummer summer. New York: Scholastic, Inc.

Harvard

McDonald M., . (2011). Judy Moody and the not bummer summer. New York: Scholastic, Inc.

MLA

McDonald Megan, . Judy Moody and the not bummer summer. New York: Scholastic, Inc. 2011.

  • Print
  • Cite
  • Add to your cart (remove)
  • Save record
    BIBTEX Dublin Core MARCXML MARC (non-Unicode/MARC-8) MARC (Unicode/UTF-8) MARC (Unicode/UTF-8, Standard) MODS (XML) RIS
  • More searches
    Search for this title in:
    Other Libraries (WorldCat) Other Databases (Google Scholar) Online Stores (Bookfinder.com) Open Library (openlibrary.org)

Exporting to Dublin Core...

SOUTHVILLE LIBRARY

Southville International School and Colleges Library

1281 Tropical Ave. Cor. Luxembourg St., BF Homes International, Las Pinas City

Tel. No. 8256374 / 252358 Loc. 117/146

Powered by Koha